Länder mit den wenigsten Touristen pro Kopf - Statistiken

Allgemein
  • Dieses Quiz wurde 90 mal gespielt
  • Das Durchschnittsergebnis liegt bei 11 aus 20
Antwortstatistiken
Kontinent Verhältnis Land % Korrekt
Afrika 148 Niger
82%
Afrika 1071 Demokratische Republik Kongo
81%
Afrika 183 Tschad
76%
Afrika 53 Sudan
73%
Afrika 129 Nigeria
71%
Afrika 97 Mali
70%
Afrika 120 Äthiopien
61%
Asien 44 Irak
58%
Afrika 1064 Guinea
55%
Südamerika 67 Venezuela
54%
Asien 239 Pakistan
52%
Afrika 137 Sierra Leone
52%
Afrika 121 Angola
50%
Afrika 45 Kamerun
48%
Afrika 141 Burkina Faso
46%
Asien 159 Bangladesch
44%
Ozeanien 61 Papua-Neuguinea
42%
Afrika 45 Tansania
38%
Asien 78 Indien
37%
Afrika 105 Madagaskar
33%
Keine übereinstimmenden Quizze gefunden
Verteilung der Resultate
Anzahl Personen mit jedem Resultat
Perzentil nach korrekt beantworteten Fragen
Ihre Resultats-Entwicklung
Sie haben dieses Quiz noch nicht gespielt